Public Service Management Project Guide 2010 (Record no. 77163)

MARC details
000 -LEADER
fixed length control field 00732nam a2200157 a 4500
008 - FIXED-LENGTH DATA ELEMENTS--GENERAL INFORMATION
fixed length control field 101216s2010 ||||||||||||||||| || u
050 ## - LIBRARY OF CONGRESS CALL NUMBER
Classification number GOV.ZAM(02)2010/8A
110 ## - MAIN ENTRY--CORPORATE NAME
Corporate name or jurisdiction name as entry element Government of the Republic of Zambia (GRZ)
245 10 - TITLE STATEMENT
Title Public Service Management Project Guide 2010
260 ## - PUBLICATION, DISTRIBUTION, ETC.
Place of publication, distribution, etc. Lusaka
Name of publisher, distributor, etc. Government of the Republic of Zambia (GRZ)
Date of publication, distribution, etc. 2010
300 ## - PHYSICAL DESCRIPTION
Extent 7p.
350 ## -
-- 0.00
650 ## - SUBJECT ADDED ENTRY--TOPICAL TERM
Topical term or geographic name entry element CIVIL SERVICE--ZAMBIA
995 ## -
-- SPECIAL COLLECTIONS
-- 1819
-- CBU-MAIN LIBRARY (Kitwe)
-- 0.00
-- GOV.ZAM(02)2010/8B
-- 2
-- AVAILABLE
-- Feb 17, 2015
-- B1819
-- Zambiana Collection
995 ## -
-- SPECIAL COLLECTIONS
-- 0.00
-- 03007492
-- CBU-MAIN LIBRARY (Kitwe)
-- 1
-- 0.00
-- GOV.ZAM(02)2010/ 8A
-- 1
-- AVAILABLE
-- Dec 28, 2010
-- 03007492
-- Zambiana Collection
999 ## -
-- 77163
-- 77163
Holdings
Withdrawn status Lost status Source of classification or shelving scheme Damaged status Not for loan Permanent Location Current Location Shelving location Date acquired Total Checkouts Full call number Barcode Date last seen Copy number Price effective from Koha item type
          CBU-MAIN LIBRARY, KITWE. CBU-MAIN LIBRARY, KITWE.   04/25/2023   GOV.ZAM(02)2010/8B B1819 04/25/2023 1 04/25/2023 SPECIAL COLLECTION
          CBU-MAIN LIBRARY, KITWE. CBU-MAIN LIBRARY, KITWE.   04/25/2023   GOV.ZAM(02)2010/8A 03007492 04/25/2023 2 04/25/2023 SPECIAL COLLECTION